000 01332nac a22003251i 4500
003 EG-ScBUE
005 20260104104026.0
008 090427t2008 enka g b 001 0 eng d
020 _a9780071287821
020 _a0071287825
040 _aEG-ScBUE
_beng
_erda
_cEG-ScBUE
_dEG-ScBUE
082 0 4 _a547
_bDEN
_222
100 1 _aDenniston, Katherine J.,
_eauthor.
_94369
245 1 0 _aGeneral, Organic, and Biochemistry /
_cKatherine J. Denniston, Towson University, Joseph J. Topping, Towson University, Robert L. Caret, Towson University.
250 _aSixth edition,
_bMcGraw- Hill international edition.
264 1 _aBoston ;
_aLondon :
_bMcGraw-Hill Higher Education,
_c[2008]
264 4 _cc2008
300 _a1 volume (various pagings) :
_billustrations (some color) ;
_c29 cm
336 _2rdacontent
_atext
_btxt
337 _aunmediated
_2rdamedia
_bn
338 _avolume
_bnc
_2rdacarrier
504 _aIncludes bibliographical references and index.
650 7 _aChemistry, Organic
_vTextbooks.
_2BUEsh
_94370
650 7 _aBiochemistry
_vTextbooks.
_2BUEsh
_94371
655 _vReading book
700 1 _aTopping, Joseph J.,
_eauthor.
_94372
700 1 _aCaret, Robert L.,
_d1947-
_eauthor.
_94373
856 4 1 _3Table of contents
_uhttp://www.loc.gov/catdir/toc/ecip0515/2005018776.html
942 _cBB
_2ddc
999 _c11443
_d11443